El materialismo dialéctico

Sparad:
Bibliografiska uppgifter
Huvudupphovsman: Lefebvre, Henri
Materialtyp: Bok
Språk:Undetermined
Publicerad: Buenos Aires, Argentina La Pléyade 1974
Ämnen:
Taggar: Lägg till en tagg
Inga taggar, Lägg till första taggen!

MARC

LEADER 00000nam a2200000Ia 4500
008 170316s9999 xx 000 0 und d
090 |a 100 L-28ma 
100 |a Lefebvre, Henri 
245 |a El materialismo dialéctico 
260 |a Buenos Aires, Argentina 
260 |b La Pléyade 
260 |c 1974 
300 |a 185 páginas 
650 |a FILOSOFÍA 
999 |c 16754  |d 16754 
040 |a cru BVZT 
942 |c 15 D  |h 100 L-28ma  |2 z